000 00450cam0a220018100 4500
001 tmp15753870
003 UPRA
005 20190819092011.0
008 951020s1956 xx eng u
035 _a(Sirsi) r41909
035 _a(UPRA)tmp15753870
040 _cUPRA
100 1 _aBengston, G. Frans.
_6A102273.1
245 1 4 _aThe long ships.
260 _c1956.
949 _aPT9875.B4
_wlcc
_i-51019
_mMAIN
_p2500
_tBOOK
_lON-SHELF
004 41909
999 _c96303
_d96303